000 00738nam a22002295i 4500
001 177428
003 ES-MaACL
005 20230906220328.0
008 110322s2000 sw ao |||| | eng d
020 _a91-520-0601-8
080 _a821.113.6-2"18/19"
080 _a929 Strinberg, August
100 1 _aMeidal, Björn.
_9145800
245 1 0 _aAugust Strindberg
_b: a writer for the world /
_cBjörn Meidal ; [translation by Clare James].
260 _aStockholm :
_bThe Swedish Institute,
_cimp. 2000.
300 _a32 p. :
_bil. bl. y n. ;
_c18 cm.
504 _aBibliografía: p. 31.
546 _aTexto en inglés.
600 0 4 _aStrindberg, August.
_9108433
700 1 _aJames, Clare.
_9145801
852 _aES-MaACL
_j2305-F-7
999 _c177428
_d177428